Najlepszy przyjaciel / brat danego kraju - Statystyki

Ogólne statystyki
  • Ten quiz został rozwiązany 78 razy
  • Średni wynik to 18 z 20
Statystyki odpowiedzi
Kraj Brat / najlepszy przyjaciel % Poprawnych
Słowacja Czechy
98%
Litwa Łotwa
98%
Węgry Polska
98%
Białoruś Rosja
98%
Kanada Stany Zjednoczone
98%
Izrael Stany Zjednoczone
98%
Austria Niemcy
97%
Hiszpania Portugalia
97%
Holandia Belgia
95%
Estonia Finlandia
94%
Australia Nowa Zelandia
94%
Japonia Korea Południowa
92%
Słowenia Chorwacja
91%
Dania Norwegia
89%
Kosowo Albania
84%
Grecja Serbia / Cypr
83%
Francja Wielka Brytania
83%
Turcja Azerbejdżan
78%
Cypr Grecja
77%
Gruzja Ukraina
66%
Nie znaleziono quizów pasujących do podanych kryteriów
Rozkład punktacji
Procent ludzi z każdym wynikiem
Percentyl według liczby udzielonych odpowiedzi
Twoja historia wyników
Nie rozwiązałeś tego quizu